000 02544nam0a2200409 i 4500
001 RU\NLR\bibl\2048867
005 20260405114445.0
010 _a9785397038683
021 _aRU
_b2013-42031
_92905
035 _a(nilc)RuMoRGB-006585412
035 _a(NLR Aleph) 002035955
090 _a4572931
_c4572931
100 _a20111219d2013 u y0rusy50 ca
101 0 _arus
102 _aRU
105 _aa |||||||||
200 1 _aРазвитие телекоммуникаций: на пути к информационному обществу
_eистория телеграфа, телефона и радио до начала XX века
_eучебное пособие для студентов высших учебных заведений, обучающихся по направлению подготовки дипломированных специалистов 210400 "Телекоммуникации"
_fМ.А. Быховский
205 _aИзд. 3-е
210 _aМосква
_cURSS
_cЛИБРОКОМ
_d2013
215 _a342 с.
_cил., портр.
_d22
225 1 _aИстория электросвязи и радиотехники
300 _aНа 4-й с. обл. авт.: М.А. Быховский, д.т.н., проф., акад. Междунар. акад. связи и Междунар. акад. информатизации, лауреат премии Правительства Рос. Федерации в обл. науки и техники
320 _aБиблиогр.: с. 337-342 и в конце гл.
606 1 _aРадиотехника
_jУчебные издания для высших учебных заведений
_xИстория
_91081396
_3RU\NLR\auth\66103895
606 _aТелефония
_jУчебные издания для высших учебных заведений
_xИстория
_91750964
_3RU\NLR\auth\661079992
606 _aТелеграфия
_jУчебные издания для высших учебных заведений
_xИстория
_91667689
_3RU\NLR\auth\66739393
610 0 _aразвитие информатизации общества
686 _aЗ84г.я73-1
686 _aЗ881г.я73-1
686 _aЗ882г.я73-1
700 1 _4070
_8rus
_7ca
_aБыховский
_bМ.А.
_gМарк Аронович
_3RU\NLR\auth\7744999
_927938
801 0 _aRU
_bRuMoRKP
_c20111219
_gRCR
801 2 _aRU
_bРГБ
_c20130603
_grcr
801 1 _aRU
_bRuMoRKP
_c20111219
_2rusmarc
801 2 _aRU
_bNLR
_c20130701
_grcr
942 _cBOOK
980 _aNBR